| 000 | 00733nam a2200229 4500 | ||
|---|---|---|---|
| 005 | 20191224042302.0 | ||
| 008 | 160617b2013 ke ad|||r|||| 00| 0 eng d | ||
| 020 | _a9789280732849 | ||
| 040 |
_aCO-BoIAVH _cCO-BoIAVH |
||
| 041 | 0 | _aeng | |
| 044 | _ake | ||
| 082 | 0 | 4 |
_a363.7 _bU58p2 |
| 110 | 2 | _aUNEP | |
| 245 | 1 | 0 |
_aUNEP year book emerging issues in our global environment 2013 / _cUNEP |
| 260 |
_aNairobi, Kenia : _bUNEP, _c2013. |
||
| 300 |
_a68 páginas : _bilustraciones a color, tablas y fotografías a color ; _c23 x 21 cm. |
||
| 504 | _aIncluye referencias bibliográficas. | ||
| 650 | 2 | 6 | _aPolución |
| 650 | 2 | 6 | _aPolución del agua |
| 650 | 2 | 6 | _aPolución del aire |
| 942 |
_2ddc _cLIBRO |
||
| 999 |
_c18802 _d18802 |
||